Target (Record no. 106562)

MARC details
000 -LEADER
fixed length control field 01125cam a2200253 4500
001 - CONTROL NUMBER
control field L136963
008 - FIXED-LENGTH DATA ELEMENTS--GENERAL INFORMATION
fixed length control field 070307s2006 xxk f 000 0 eng d
020 ## - INTERNATIONAL STANDARD BOOK NUMBER
International Standard Book Number 1843182769
022 1# - INTERNATIONAL STANDARD SERIAL NUMBER
International Standard Serial Number 1477-2558
035 ## - SYSTEM CONTROL NUMBER
System control number (Sirsi) u136963
041 0# - LANGUAGE CODE
Language code of text/sound track or separate title eng
050 04 - LIBRARY OF CONGRESS CALL NUMBER
Classification number 650.14
245 00 - TITLE STATEMENT
Title Target
Remainder of title property 2006
250 ## - EDITION STATEMENT
Edition statement 18th ed.
260 ## - PUBLICATION, DISTRIBUTION, ETC.
Place of publication, distribution, etc. Wallingford
Name of publisher, distributor, etc. GTI Specialist Publishers
Date of publication, distribution, etc. 2006
300 ## - PHYSICAL DESCRIPTION
Extent 88p.
Other physical details ill
Dimensions 27cm
520 ## - SUMMARY, ETC.
Summary, etc. Provides advice for graduates seeking jobs in property. Includes information on the different sectors of the industry, as well as guidance on how to find and apply for a job, the potential for postgraduate study and profiles of employers and course providers. Further information and a searchable database of employers can be found at www.targetcareers.co.uk/property.
520 ## - SUMMARY, ETC.
Summary, etc. Supersedes the 17th edition (ISBN 1843182025)
651 #4 - SUBJECT ADDED ENTRY--GEOGRAPHIC NAME
Geographic name United Kingdom
Chronological subdivision
690 ## - LOCAL SUBJECT ADDED ENTRY--TOPICAL TERM (OCLC, RLIN)
Topical term or geographic name as entry element CAREERS, EDUCATION AND TRAINING-CAREERS IN SURVEYING
700 1# - ADDED ENTRY--PERSONAL NAME
Personal name Kiley, Penny
Relator term Editor
856 48 - ELECTRONIC LOCATION AND ACCESS
Uniform Resource Identifier <a href="https://www.targetcareers.co.uk/property">https://www.targetcareers.co.uk/property</a>
Public note View the targetcareers.co.uk property website...
942 ## - ADDED ENTRY ELEMENTS (KOHA)
Suppress in OPAC 0
Holdings
Withdrawn status Lost status Source of classification or shelving scheme Damaged status Not for loan Home library Current library Shelving location Date acquired Total Checkouts Full call number Barcode Date last seen Copy number Price effective from Koha item type
    Dewey Decimal Classification     London London Basement 07/03/2007   BASEMENT 30070116 06/08/2019 1 06/08/2019 Book